Countries that were once part of the Ottoman Empire - Statistics

General Stats
  • This quiz has been taken 73 times
  • The average score is 11 of 16
Answers on the Grid
Answers color-coded by a green-red scale on the quiz's grid according to % correct below.
Turkey
Belarus
Greece
China
Somalia
Indonesia
Germany
Spain
Montenegro
Morocco
Egypt
Cameroon
Albania
Mexico
Mongolia
Brazil
Georgia
Senegal
Niger
Malawi
Pakistan
Eritrea
Israel
Hungary
United States
Saudi Arabia
Belgium
Ukraine
Armenia
Russia
 
Answer Stats
Answer % Correct
Turkey
98%
Greece
92%
Egypt
83%
Albania
77%
Montenegro
75%
Armenia
74%
Israel
74%
Georgia
72%
Saudi Arabia
68%
Russia
64%
Ukraine
64%
Hungary
62%
Morocco
58%
Eritrea
55%
Somalia
53%
Niger
13%
No matching quizzes found
Score Distribution
Percent of People with Each Score
Percentile by Number Answered
Your Score History
You have not taken this quiz